Statistics for Top 10 Biggest South American Countries By Area

Click here to take the quiz!

General Stats

  • This quiz has been taken 20 times
  • The average score is 10 of 10

Answer Stats

NumberAnswer% Correct
2ndArgentina
100%
1stBrazil
100%
7thChile
100%
8thParaguay
100%
5thBolivia
94%
4thColombia
94%
9thEcuador
94%
6thVenezuela
94%
3rdPeru
89%
10thGuyana
83%

Score Distribution

Percentile by Number Answered

Percent of People with Each Score

Your Score History

You have not taken this quiz